| 000 | 00646nam a2200253Ia 4500 | ||
|---|---|---|---|
| 008 | 161112s9999 xx 000 0 und d | ||
| 020 | _a978-981-4716-37-6 | ||
| 050 | _aComSc QA 76.63 | ||
| 050 | _b.F37 2015 | ||
| 100 | _aFarrell, Joyce. | ||
| 245 | 0 | _aProgramming logic and design : | |
| 245 | 0 | _bintroductory / | |
| 245 | 0 | _cJoyce Farrell. | |
| 250 | _a8th Edition | ||
| 260 | _aSingapore : | ||
| 260 | _bCengage Learning Asia Pte Ltd | ||
| 260 | _c2015 | ||
| 300 | _a367 pages : | ||
| 300 | _billustrations ; | ||
| 300 | _c23 cm. | ||
| 500 | _aIncludes index. | ||
| 650 | _aLogic programming. | ||
| 650 | _xLogic design. | ||
| 999 |
_c305200 _d305200 |
||